LIBRARY ONLINE CATALOGUE

Fundamentals of renewable energy processes / (Record no. 9861)

MARC details
000 -LEADER
fixed length control field 00712nam a22002292 4500
001 - CONTROL NUMBER
control field 0000023552
005 - DATE AND TIME OF LATEST TRANSACTION
control field 20151217152244.0
008 - FIXED-LENGTH DATA ELEMENTS--GENERAL INFORMATION
fixed length control field 130228s xx 000 0 eng d
020 ## - INTERNATIONAL STANDARD BOOK NUMBER
International Standard Book Number 0123746399 :
040 ## - CATALOGING SOURCE
Original cataloging agency KABU
Transcribing agency KABU
100 1# - MAIN ENTRY--PERSONAL NAME
Personal name Da Rosa, Aldo Vieira.
-- 0000182999
245 10 - TITLE STATEMENT
Title Fundamentals of renewable energy processes /
Statement of responsibility, etc. Aldo Vieira da Rosa.
250 ## - EDITION STATEMENT
Edition statement 2rd ed.
260 ## - PUBLICATION, DISTRIBUTION, ETC. (IMPRINT)
Place of publication, distribution, etc. London :
Name of publisher, distributor, etc. Elsevier,
Date of publication, distribution, etc. 2005.
300 ## - PHYSICAL DESCRIPTION
Extent xix, 844 p.
650 #0 - SUBJECT ADDED ENTRY--TOPICAL TERM
Topical term or geographic name as entry element Renewable energy sources.
-- 0000164966
650 #0 - SUBJECT ADDED ENTRY--TOPICAL TERM
Topical term or geographic name as entry element Power (Mechanics)
-- 0000183000
650 #0 - SUBJECT ADDED ENTRY--TOPICAL TERM
Topical term or geographic name as entry element Environmental engineering.
-- 0000156200
852 1# - LOCATION
-- p3459 KES
908 ## - PUT COMMAND PARAMETER (RLIN)
Put command parameter 130228
950 ## - LOCAL HOLDINGS (RLIN)
-- 1
Holdings
Withdrawn status Lost status Source of classification or shelving scheme Not for loan Home library Current library Date acquired Total Checkouts Full call number Barcode Date last seen Price effective from Koha item type
    Library of Congress Classification   Kabarak, Main Campus Kabarak, Main Campus 17/12/2015   TJ163.9 .D3 2005 c. 1 014414 17/12/2015 17/12/2015 General Collection